NHL Teams All Time - Sudden Death - Statistics

General Stats
  • This quiz has been taken 171 times
  • The average score is 39 of 59
Answers on the Grid
Answers color-coded by a green-red scale on the quiz's grid according to % correct below.
Alberta Oilers
Anahiem Ducks
Arizona Coyotes
Atlanta Flames
Atlanta Thrashers
Boston Bruins
Brooklyn Americans
Buffalo Sabres
Calgary Broncos
Calgary Flames
California Golden Seals
Carolina Hurricanes
Chicago Blackhawks
Chicago Cougars
Cincinnati Stingers
Cleveland Barons
Colorado Avalanche
Colorado Rockies
Columbus Blue Jackets
Dallas Stars
Denver Avalanche
Detroit Cougars
Detroit Falcons
Detroit Red Wings
Edmonton Oilers
Florida Panthers
Hamilton Tigers
Hartford Whalers
Houston Aeros
Indianapolis Racers
Kansas City Scouts
Los Angeles Kings
Michigan Wolverines
Mighty Ducks of Anahiem
Minnesota North Stars
Minnesota Wild
Montreal Canadiens
Montreal Maroons
Montreal Wanderers
Nashville Predators
New England Whalers
New Jersey Devils
New York Americans
New York Islanders
New York Raiders
New York Rangers
Oakland Seals
Ottawa Senators
Philadelphia Flyers
Philadelphia Quakers
Phoenix Coyotes
Pittsburgh Penguins
Pittsburgh Pirates
Quebec Bulldogs
Quebec Nordiques
San Jose Sharks
Seattle Kraken
St. Louis Blues
St. Louis Eagles
Tampa Bay Lightning
Toronto Arenas
Toronto Maple Leafs
Toronto St. Patricks
Utah Hockey Club
Utah Mammoth
Vancouver Blazers
Vancouver Canucks
Vegas Golden Knights
Washington Capitals
Winnipeg Jets
 
Answer Stats
Answer % Correct
Minnesota Wild
85%
Vancouver Canucks
85%
Anahiem Ducks
84%
Pittsburgh Penguins
84%
Boston Bruins
83%
Nashville Predators
83%
New York Islanders
83%
Ottawa Senators
83%
Philadelphia Flyers
83%
Los Angeles Kings
81%
Tampa Bay Lightning
81%
Toronto Maple Leafs
81%
Vegas Golden Knights
81%
Chicago Blackhawks
80%
Detroit Red Wings
80%
Edmonton Oilers
80%
New Jersey Devils
80%
New York Rangers
80%
Dallas Stars
79%
Florida Panthers
79%
St. Louis Blues
79%
Washington Capitals
79%
Calgary Flames
78%
Columbus Blue Jackets
78%
Montreal Canadiens
78%
San Jose Sharks
78%
Seattle Kraken
78%
Colorado Avalanche
77%
Arizona Coyotes
75%
Atlanta Thrashers
75%
Carolina Hurricanes
75%
Quebec Nordiques
75%
Buffalo Sabres
74%
Mighty Ducks of Anahiem
74%
Winnipeg Jets
74%
Utah Mammoth
73%
Utah Hockey Club
72%
Hartford Whalers
69%
Minnesota North Stars
68%
Phoenix Coyotes
65%
California Golden Seals
54%
Atlanta Flames
53%
Montreal Maroons
53%
Toronto St. Patricks
53%
Colorado Rockies
52%
Cleveland Barons
46%
Kansas City Scouts
42%
Oakland Seals
41%
New York Americans
40%
Toronto Arenas
40%
Montreal Wanderers
38%
Pittsburgh Pirates
35%
Quebec Bulldogs
30%
Hamilton Tigers
28%
Brooklyn Americans
26%
St. Louis Eagles
26%
Philadelphia Quakers
25%
Detroit Cougars
23%
Detroit Falcons
20%
No matching quizzes found
Score Distribution
Percent of People with Each Score
Percentile by Number Answered
Your Score History
You have not taken this quiz